Personnages de GTA V par images - Statistiques

Statistiques générales
  • Ce quiz a été pris 2 281 fois
  • Le résultat moyen est 9 sur 16
Statistiques - réponses
Par images Réponse % Correct
Trevor Philips
99%
Franklin Clinton
98%
Lester Crest
93%
Michael De Santa
91%
Lamar Davis
82%
Jimmy de Santa
68%
Amanda De Santa
62%
Ron Jakowski
52%
Dave Norton
48%
Martin Madrazo
47%
Simeon Yetarian
47%
Devin Weston
30%
Solomon Richards
30%
Steve Haines
29%
Wade Hebert
29%
Denise Clinton
22%
Aucun quiz correspondant
Distribution des résultats
% des personnes avec chaque résultat
Percentile par nombre de réponses
Votre historique - résultats
Vous n’avez pas pris ce quiz